History - Other History | 0 | 3 | 0 | 0 | 30 | 61 | 72.67 | 1 | 2 |
Science - Biology | 0 | 3 | 0 | 0 | 30 | 61 | 74.33 | 1 | 3 |
Science - Chemistry | 0 | 3 | 1 | 2 | 25 | 119 | 124.00 | 0 | 2 |
Science - Other Science | 0 | 3 | 1 | 0 | 25 | 61 | 71.00 | 0 | 1 |
History - American History | 0 | 2 | 0 | 0 | 20 | 64 | 89.00 | 1 | 2 |
Philosophy | 0 | 2 | 0 | 0 | 20 | 97 | 99.50 | 0 | 1 |
Social Science | 0 | 2 | 0 | 0 | 20 | 66 | 79.50 | 1 | 2 |
History - World History | 0 | 1 | 0 | 1 | 10 | 132 | 132.00 | 0 | 0 |
Literature - World Literature | 0 | 1 | 0 | 0 | 10 | 115 | 115.00 | 0 | 0 |
Literature - American Literature | 0 | 1 | 0 | 0 | 10 | 100 | 100.00 | 0 | 0 |
Literature - British Literature | 0 | 1 | 0 | 0 | 10 | 124 | 124.00 | 0 | 1 |
Literature - European Literature | 0 | 0 | 1 | 0 | -5 | | 0.00 | 0 | 0 |
History - European History | 0 | 0 | 1 | 0 | -5 | | 0.00 | 0 | 0 |
Fine Arts - Other Fine Arts | 0 | 0 | 1 | 0 | -5 | | 0.00 | 0 | 0 |
Science - Physics | 0 | 0 | 1 | 0 | -5 | | 0.00 | 0 | 0 |